000 00396cam a22001097a 4500
008 180718b1965 xxu||||| |||| 00| 0 eng d
082 _aP8x5442 In2
245 _aReport on gram shikshan mohim of mahareshtra
_cby Planning Commission Education Division, India
260 _aFaridabad
_bThe Manager Government of India
_c1965
300 _a30p
700 _aIndia. Planning Commission Education Divisions
999 _c494905
_d494905